The Law Society's conveyancing handbook (Record no. 106194)
[ view plain ]
| 000 -LEADER | |
|---|---|
| fixed length control field | 01353cam a2200301 4500 |
| 001 - CONTROL NUMBER | |
| control field | L135761 |
| 008 - FIXED-LENGTH DATA ELEMENTS--GENERAL INFORMATION | |
| fixed length control field | 061208n2006 000 0 eng u |
| 020 ## - INTERNATIONAL STANDARD BOOK NUMBER | |
| International Standard Book Number | 1853285587 |
| 022 ## - INTERNATIONAL STANDARD SERIAL NUMBER | |
| International Standard Serial Number | 9781853285585 |
| 035 ## - SYSTEM CONTROL NUMBER | |
| System control number | (Sirsi) u135761 |
| 041 0# - LANGUAGE CODE | |
| Language code of text/sound track or separate title | eng |
| 050 04 - LIBRARY OF CONGRESS CALL NUMBER | |
| Classification number | 346.410438 $2 18 |
| 100 1# - MAIN ENTRY--PERSONAL NAME | |
| Personal name | Silverman, Frances |
| 245 04 - TITLE STATEMENT | |
| Title | The Law Society's conveyancing handbook |
| 260 ## - PUBLICATION, DISTRIBUTION, ETC. | |
| Place of publication, distribution, etc. | London |
| Name of publisher, distributor, etc. | The Law Society |
| Date of publication, distribution, etc. | 2006 |
| 300 ## - PHYSICAL DESCRIPTION | |
| Extent | lvi, 1264p. |
| Dimensions | 24cm. |
| 350 ## - PRICE (NR) (BK AM CF MU VM SE) [OBSOLETE] | |
| Price | 79.95 |
| 505 0# - FORMATTED CONTENTS NOTE | |
| Formatted contents note | Preliminary matters -- Pre-exchange -- Exchange -- Title -- Pre-completion -- Completion -- Post-completion -- Lenders -- New properties -- Sale of part -- Leaseholds -- Commonhold -- Delay and remedies -- Costs |
| 520 ## - SUMMARY, ETC. | |
| Summary, etc. | Discusses significant changes in conveyancing, such as the introduction of home information packs and e-conveyancing. Discusses the implications of the Housing Act 2004, prescribed clauses leases and the Disability Discrimination Act 2005. Gives guidance on client care, equity release, insurance, money laundering and referral fees. |
| 520 ## - SUMMARY, ETC. | |
| Summary, etc. | Superseded by 15th edition (ISBN 9781853287138). |
| 590 ## - LOCAL NOTE (RLIN) | |
| Local note | KA |
| 650 24 - SUBJECT ADDED ENTRY--TOPICAL TERM | |
| Topical term or geographic name entry element | HOUSING ACT 2004 |
| 650 24 - SUBJECT ADDED ENTRY--TOPICAL TERM | |
| Topical term or geographic name entry element | DISABILITY DISCRIMINATION ACT 2005 |
| 651 #4 - SUBJECT ADDED ENTRY--GEOGRAPHIC NAME | |
| Geographic name | United Kingdom |
| Chronological subdivision | |
| 690 ## - LOCAL SUBJECT ADDED ENTRY--TOPICAL TERM (OCLC, RLIN) | |
| Topical term or geographic name as entry element | PROPERTY-PROPERTY ACQUISITION AND DISPOSAL-CONVEYANCING |
| 942 ## - ADDED ENTRY ELEMENTS (KOHA) | |
| Suppress in OPAC | 0 |
| Withdrawn status | Lost status | Source of classification or shelving scheme | Damaged status | Not for loan | Home library | Current library | Shelving location | Date acquired | Total Checkouts | Full call number | Barcode | Date last seen | Copy number | Price effective from | Koha item type |
|---|---|---|---|---|---|---|---|---|---|---|---|---|---|---|---|
| Dewey Decimal Classification | London | London | Books | 02/04/2009 | 346.410438 SIL | 30076717 | 06/08/2019 | 2 | 06/08/2019 | Book |